Camarada Chiang Ching : Recuerdos de su vida e historia / Roxane Witke ; R. M. Bassols, Traductor (Registro nro. 40755)
[ vista simple ]
| 000 -LÍDER | |
|---|---|
| Campo fijo de descripción fija | 004150000a22001450004500 |
| 041 0# - CÓDIGO DE IDIOMA | |
| Código de idioma para texto/pista de sonido o título separado | |
| 082 04 - NÚMERO DE CLASIFICACIÓN DECIMAL DEWEY | |
| Número de clasificación | G 922 W825c |
| 001 - NÚMERO DE CONTROL | |
| Campo de control | 11460 |
| 100 1# - ASIENTO PRINCIPAL--NOMBRE PERSONAL | |
| Nombre personal | Witke, Roxane |
| 245 10 - TÍTULO | |
| Título del Material | Camarada Chiang Ching : Recuerdos de su vida e historia / Roxane Witke ; R. M. Bassols, Traductor |
| 260 ## - PUBLICACIÓN, DISTRIBUCIÓN, ETC. (PIE DE IMPRENTA) | |
| Lugar de publicación, distribución, etc. | Barcelona, España : Plaza y Janés |
| 300 ## - DESCRIPCIÓN FÍSICA | |
| Extensión | 646 Pag |
| 500 ## - NOTA GENERAL | |
| Nota General | Titulo original : Comrade Chiang Ching |
| 942 ## - TIPO DE MATERIAL (KOHA) | |
| Tipo de Item KOHA | Libros General |
| Estado de Material | Estado de Perdido | Estado de Dañado | No para Préstamo | Colección | Tomo | Biblioteca de Origen | Biblioteca Permanente | Fecha de Adquisición | Total de Préstamos | Signatura Topográfica | Código de Barras | Última vez visto | Ejemplar/Existencia | Fecha de Remplazo | Tipo de Material |
|---|---|---|---|---|---|---|---|---|---|---|---|---|---|---|---|
| Colección General | Biblioteca FUSBC | Biblioteca FUSBC | 27/01/2005 | G 922 W825c | 10877 | 12/12/2019 | 1 | 26/01/2016 | Libros General |
